Watteau
Enregistré dans:
| Format: | Livre |
|---|---|
| Langue: | espagnol |
| Publié: |
Madrid
SARPE
1979
|
| Collection: | Los genios de la pintura, 28
|
| Sujets: | |
| Tags: |
Ajouter un tag
Pas de tags, Soyez le premier à ajouter un tag!
|
MARC
| LEADER | 00000nam a2200000 a 4500 | ||
|---|---|---|---|
| 001 | UCX3249 | ||
| 003 | CL-VaPUC | ||
| 008 | 911017e19790000SP |||||||||||||||||spa|d | ||
| 082 | 0 | 4 | |a 759.04 |b WAT |2 21 |
| 245 | 1 | 0 | |a Watteau |
| 300 | |a 43 p | ||
| 942 | |c BK | ||
| 945 | |d 19911017 00:00:00 | ||
| 260 | |a Madrid |b SARPE |c 1979 | ||
| 600 | 0 | 7 | |a WATTEAU, JEAN ANTOINE |2 CL-VaPUC |9 319359 |
| 650 | 7 | |a PINTURA SIGLO 18 |2 CL-VaPUC |9 319360 | |
| 650 | 0 | |a Obras ilustradas |9 265022 | |
| 651 | 0 | |a Francia |9 255157 | |
| 583 | |a last modification |c 20160817 05:27:35 |k Rodrigo Vera | ||
| 490 | 0 | |a Los genios de la pintura, 28 | |
| 999 | |c 224053 |d 224051 | ||
| 952 | |0 0 |1 0 |4 0 |6 759_040000000000000_WAT_1979 |7 0 |8 X |9 220428 |a BIBHIS |b BIBHIS |d 2019-11-15 |i 2891395 |o 759.04 WAT 1979 |p 2891395 |r 2024-01-30 |w 2019-11-15 |y BK_X |k HIS | ||